Judy Moody's mini-mysteries and other sneaky stuff for super-sleuths / (Record no. 50100)
| 000 -LEADER | |
|---|---|
| fixed length control field | 01512nam a2200265 4500 |
| 020 ## - INTERNATIONAL STANDARD BOOK NUMBER | |
| International Standard Book Number | 9780763659417 |
| Qualifying information | pbk. |
| 035 ## - SYSTEM CONTROL NUMBER | |
| System control number | 17315682 |
| 040 ## - CATALOGING SOURCE | |
| Original cataloging agency | DLC |
| Transcribing agency | DLC |
| Modifying agency | DLC |
| 042 ## - AUTHENTICATION CODE | |
| Authentication code | pcc |
| 050 00 - LIBRARY OF CONGRESS CALL NUMBER | |
| Classification number | HV7922 |
| Item number | .M375 2012 |
| 082 00 - DEWEY DECIMAL CLASSIFICATION NUMBER | |
| Classification number | 363.25 |
| Edition number | 23 |
| 100 ## - MAIN ENTRY--PERSONAL NAME | |
| Personal name | McDonald, Megan, |
| Relator term | author. |
| 9 (RLIN) | 28176 |
| 245 10 - TITLE STATEMENT | |
| Title | Judy Moody's mini-mysteries and other sneaky stuff for super-sleuths / |
| Statement of responsibility, etc | Megan McDonald ; illustrated by Peter H. Reynolds. |
| 250 ## - EDITION STATEMENT | |
| Edition statement | 1st ed. |
| 260 ## - PUBLICATION, DISTRIBUTION, ETC. (IMPRINT) | |
| Place of publication, distribution, etc | Somerville, Mass. : |
| Name of publisher, distributor, etc | Candlewick, |
| Date of publication, distribution, etc | 2012. |
| 300 ## - PHYSICAL DESCRIPTION | |
| Extent | 126 p. : |
| Other physical details | ill. ; |
| Dimensions | 19 cm. |
| 490 ## - SERIES STATEMENT | |
| Series statement | Judy Moody |
| 520 ## - SUMMARY, ETC. | |
| Summary, etc | Chock-full of advice for the would-be sleuth and bursting with activities, here is an uber RARE diversion for fans of Judy and for anyone who loves a good mystery. “The Great Class Heist” is just one of the whodunits tackled by Judy Drewdy and agents Dills Pickle (aka Frank), Spuds Houdini (Rocky), and James Madagascar (Stink), who need readers’ help in cracking these addition to six solve-it-yourself missions, kids can get in the mood to:<br/><br/>Create a detective kit<br/>Sketch suspects<br/>Test powers of observation<br/>Puzzle through ridonkulus logic puzzles<br/>Write super-sneaky codes<br/>And more! |
| 650 ## - SUBJECT ADDED ENTRY--TOPICAL TERM | |
| Topical term or geographic name as entry element | Detectives |
| Form subdivision | Juvenile literature. |
| 9 (RLIN) | 87120 |
| 650 ## - SUBJECT ADDED ENTRY--TOPICAL TERM | |
| Topical term or geographic name as entry element | Private investigators |
| Form subdivision | Juvenile literature. |
| 9 (RLIN) | 87121 |
| 650 ## - SUBJECT ADDED ENTRY--TOPICAL TERM | |
| Topical term or geographic name as entry element | Criminal investigation |
| Form subdivision | Juvenile literature. |
| 9 (RLIN) | 56996 |
| 655 #7 - INDEX TERM--GENRE/FORM | |
| Genre/form data or focus term | Literature. |
| Source of term | lcgft |
| 9 (RLIN) | 73839 |
| 700 ## - ADDED ENTRY--PERSONAL NAME | |
| Personal name | Reynolds, Peter H. |
| Fuller form of name | (Peter Hamilton), |
| Dates associated with a name | 1961- |
| Relator term | ill. |
| 9 (RLIN) | 85306 |
| 942 ## - ADDED ENTRY ELEMENTS (KOHA) | |
| Source of classification or shelving scheme | |
| Koha item type | Book |
| Withdrawn status | Lost status | Source of classification or shelving scheme | Damaged status | Not for loan | Home library | Current library | Date acquired | Total Checkouts | Full call number | Barcode | Date last seen | Date checked out | Price effective from | Koha item type |
|---|---|---|---|---|---|---|---|---|---|---|---|---|---|---|
| Logos International School | Logos International School | 01/16/2026 | 1 | J FIC MCD | 040829 | 04/01/2026 | 03/05/2026 | 01/16/2026 | Book |